Statistics for Capitals of 1954 FIFA World Cup Teams

Click here to take the quiz!

General Stats

  • This quiz has been taken 51 times
  • The average score is 13 of 16

Answer Stats

GroupCountryAnswer% Correct
Group 4SwitzerlandBern
94%
Group 4EnglandLondon
94%
Group 2HungaryBudapest
91%
Group 3UruguayMontevideo
91%
Group 1FranceParis
91%
Group 1BrazilRio de Janeiro
91%
Group 4ItalyRome
91%
Group 3AustriaVienna
84%
Group 1YugoslaviaBelgrade
81%
Group 2West GermanyBonn
81%
Group 4BelgiumBrussels
81%
Group 1MexicoMexico City
81%
Group 3CzechoslovakiaPrague
81%
Group 2Korea RepublicSeoul
66%
Group 2TurkeyAnkara
63%
Group 3ScotlandEdinburgh
56%

Score Distribution

Percentile by Number Answered

Percent of People with Each Score

Your Score History

You have not taken this quiz